فنون الزخرفية الإسلامية في العصرين الأيوبي والمملوكي

محفوظ في:

المؤلف الرئيسي: إبراهيم، جمال عبد الرحيم.

التنسيق: كتاب

اللغة: Undetermined

منشور في: Cairo : Gamal abd alrehim, 2000.

الوسوم: إضافة وسم

لا توجد وسوم, كن أول من يضع وسما على هذه التسجيلة!

رقم الطلب: NK1330 .I28

LEADER 00462nam a2200121Ia 4500
008 240329s9999||||xx |||||||||||||| ||und||
050 4 |a NK1330 .I28 
100 1 |a إبراهيم، جمال عبد الرحيم. 
245 1 0 |a فنون الزخرفية الإسلامية في العصرين الأيوبي والمملوكي  |c إبراهيم، جمال عبد الرحيم 
264 1 |a Cairo :  |b Gamal abd alrehim,  |c 2000. 
300 |a 62  |c 24 cm 
942 |2 lcc  |c BK 
999 |c 57684  |d 57684